Biological cycle of Lorryia formosa (Acari, Tydeidae) on rubber tree leaves: A case of thelytoky (Record no. 54785)

MARC details
000 -LEADER
fixed length control field 00523nam a2200181Ia 4500
100 ## - MAIN ENTRY--AUTHOR NAME
Personal name Hernandes F A
245 #0 - TITLE STATEMENT
Title Biological cycle of Lorryia formosa (Acari, Tydeidae) on rubber tree leaves: A case of thelytoky
260 ## - PUBLICATION, DISTRIBUTION, ETC. (IMPRINT)
Name of publisher Experimental an Applied Acarology
Year of publication 2006
300 ## - PHYSICAL DESCRIPTION
Number of Pages 237-242
650 ## - SUBJECT ADDED ENTRY--TOPICAL TERM
Topical Term Arthropod pests
650 ## - SUBJECT ADDED ENTRY--TOPICAL TERM
Topical Term Developmental stages
650 ## - SUBJECT ADDED ENTRY--TOPICAL TERM
Topical Term Plant pests
700 ## - ADDED ENTRY--PERSONAL NAME
Personal name Feres R J F
700 ## - ADDED ENTRY--PERSONAL NAME
Personal name Nomura F
856 ## - ELECTRONIC LOCATION AND ACCESS
Uniform Resource Identifier CAB CD
942 ## - ADDED ENTRY ELEMENTS (KOHA)
Koha item type Journals
Holdings
Withdrawn status Lost status Damaged status Not for loan Home library Current library Shelving location Date acquired Serial Enumeration / chronology Koha item type
      Journals RRII Library RRII Library Mycology 16/08/2007 Volume 38, Issue 4 Journals